| 000 | 00850cam a22002414a 4500 | ||
|---|---|---|---|
| 020 | _a0471444073 (cloth) | ||
| 040 | _cDLC | ||
| 082 | 0 | 0 | _a338 J.W 2003 A010 Or. |
| 100 | 1 | _aPacult, F. Paul, | |
| 245 | 1 | 0 |
_aAmerican still life : _bthe Jim Beam story and the making of the world's #1 bourbon / |
| 260 |
_aHoboken, N.J. : _bJ. Wiley, _cc2003. |
||
| 300 |
_axvi, 240 p. : _bill. ; _c24 cm. |
||
| 500 | _aPublished simultaneously in Canada. | ||
| 650 | 0 | _aWhiskey industry | |
| 650 | 0 | _aBourbon whiskey | |
| 650 | 0 | _aLiquor industry executives | |
| 650 | 0 | _aLiquor industry executives | |
| 650 | 0 | _aKentucky | |
| 856 | 4 | 2 | _uhttp://www.loc.gov/catdir/bios/wiley046/2003011340.html |
| 856 | 4 | 2 | _uhttp://www.loc.gov/catdir/description/wiley0310/2003011340.html |
| 856 | 4 | 1 | _uhttp://www.loc.gov/catdir/toc/wiley031/2003011340.html |
| 942 | _cEK | ||
| 999 |
_c13743 _d13743 |
||